=LDR 00000nam 2200000 4500 =001 INLIS000000000028203 =005 20130612130526 =008 ***********************************ind** =035 ##$$0010-061300000028203 =041 ##$$a ind =082 ##$$a 2x4.301 =090 ##$$a 2x4.301, FAH r =100 ##$$a Fahmiy, 'Adil =245 ##$$a Rahasia Malam Pertama, 'Adil Fahmiy; Penerjemah, Solihin, S. Th. I =260 ##$$a 2007 $b Yogyakarta =300 ##$$a vii, 108 hlm., 21 cm =650 ##$$a Islam =650 ##$$a Keluarga =700 ##$$a Solihin =850 ##$$a NBPNMAT